000 00736nam a2200181 i 4500
001 46560
003 ES-MaACL
005 20230906161415.0
007 t|
008 030409s1898 sp ||||1| spa d
110 2 _aInstituto Provincial de Segunda Enseñanza de Vitoria.
_9134539
245 1 0 _aInstituto de 2ª enseñanza de Vitoria
_b: memoria del curso de 1896 á 1897 leída en la apertura del de 1897 á 1898 /
_cpor Federico Baráibar y Zumárraga.
260 _aVitoria :
_b[s.n.],
_c1898 (
_fImp. de Cecilio Egaña)
300 _a78, II p. ;
_c22 cm.
610 2 4 _aInstituto Provincial de Segunda Enseñanza de Vitoria-
_xMemorias.
_9145013
700 1 _aBaráibar y Zumárraga, Federico.
_925291
852 _aES-MaACL
_jT-869-F-5
999 _c46560
_d46560